| 000 | 00648nam a2200277Ia 4500 | ||
|---|---|---|---|
| 008 | 160321s9999||||xx |||||||||||||| ||und|| | ||
| 040 | _cEnglish | ||
| 082 | _aXI.A/Roy | ||
| 082 | _bBORI-85522 | ||
| 100 | _aM. N Roy | ||
| 245 | _aLetters by M. N. Roy | ||
| 260 | _c1934 | ||
| 300 | _ax+78 | ||
| 300 | _cA | ||
| 300 | _ePaperback | ||
| 530 | _bSuruchi Pandey | ||
| 530 | _u00086548.pdf | ||
| 563 | _aStudy | ||
| 600 | _aM. N Roy | ||
| 630 | _aLetters by M. N. Roy | ||
| 650 | _aGeneral Indology | ||
| 650 | _aPolitics History and Historiography | ||
| 700 | _aM. N Roy | ||
| 730 | _aLetters by M. N. Roy | ||
| 942 | _cBOOK | ||
| 999 |
_c1371105 _d1371102 |
||